000 00517nam a2200157Ia 4500
008 240729s9999 xx 000 0 und d
022 _a2399-9667
245 0 _aCatalogue and Index
260 _aUnited Kingdom
260 _bChartered Institute of Library and Information Professionals (CILIP)
650 _a Information resources (General)
650 _aBibliography. Library science. Information resources
856 _uhttps://doaj.org/toc/f00126a7e78d4d1687da539f24a40800
942 _2ddc
942 _cDOAJEJ
999 _c65938
_d65938
945 _a1
_bMadushi Gamage
_c1
_dMadushi Gamage